Industrial Crisis Quarterly

التفاصيل البيبلوغرافية
التنسيق: الكتروني دورية
اللغة:English
منشور في: Sage Publications, Inc.
الموضوعات:
الوصول للمادة أونلاين:Full text available on JSTOR[1987-04-01 - 1992-01-01]
Off-campus access
LEADER 00989cas a2200205 a 4500
001 AALejournalJSTOR000577
008 230228c9999 xx r poo 0 0eng d
022 |a 0921-8106 
040 |a BD-DhAAL  |c BD-DhAAL 
245 0 0 |h [electronic resource]  |a Industrial Crisis Quarterly 
260 |b Sage Publications, Inc. 
300 |a 1 online resource 
362 0 |a Vol. 1,  |a no. 1 
500 |a <strong>Off-Campus Access:</strong> Athens ID and Password Required 
500 |a <strong>On-Campus Access:</strong> No User ID or Password Required 
506 |a Electronic access restricted to authorized BRAC University faculty, staff and students 
538 |a Mode of access: Internet 
650 4 |a Business & Economics ; Management & Organizational Behavior 
856 4 0 |z Full text available on JSTOR[1987-04-01 - 1992-01-01]  |u https://www.jstor.org/journal/inducrisquar 
856 4 0 |z Off-campus access  |u https://go.openathens.net/redirector/bracu.ac.bd?url=https%3A%2F%2Fwww.jstor.org%2Fjournal%2Finducrisquar